Writing the research paper : a handbook /

Bibliographic Details
Main Author: Winkler, Anthony C.
Other Authors: McCuen, Jo Ray, 1929-
Format: Book
Language:English
Published: New York : Harcourt Brace Jovanovich, [1979]
Subjects:

MARC

Tag First Indicator Second Indicator Subfields
LEADER 00000cam a2200000 i 4500
001 in00000060174
005 20151008051608.0
008 790530s1979 nyua b 00110 eng
010 |a  78073967  
020 |a 0155982907 
035 |a (OCoLC)04894984 
035 |9 AAG8867AM 
040 |a DLC  |c DLC  |d TXA  |d UtOrBLW 
049 |a TXAM  |c [1191703] 
050 0 0 |a LB2369  |b .W55 
082 0 |a 808/.023 
100 1 |a Winkler, Anthony C. 
245 1 0 |a Writing the research paper :  |b a handbook /  |c Anthony C. Winkler, Jo Ray McCuen. 
264 1 |a New York :  |b Harcourt Brace Jovanovich,  |c [1979] 
264 4 |c ©1979 
300 |a xii, 276 pages :  |b illustrations ;  |c 24 cm. 
336 |a text  |b txt  |2 rdacontent 
337 |a unmediated  |b n  |2 rdamedia 
338 |a volume  |b nc  |2 rdacarrier 
500 |a Includes index. 
504 |a Bibliography: pages 26-73. 
650 0 |a Report writing. 
650 0 |a Research. 
700 1 |a McCuen, Jo Ray,  |d 1929- 
999 |a MARS 
999 f f |s de9cf590-c64d-3c48-a091-2e7f4e8985e7  |i 070a145d-7b7a-32c9-b91c-5d5aaa911914  |t 0 
952 f f |p normal  |a Texas A&M University  |b College Station  |c Sterling C. Evans Library  |d Evans: Library Stacks  |t 0  |e LB2369 .W55  |h Library of Congress classification  |i unmediated -- volume  |m A14803287218 
998 f f |a LB2369 .W55  |t 0  |l Evans: Library Stacks